| 000 | 00857cab a2200253 4500 | ||
|---|---|---|---|
| 001 | WB3315-14 | ||
| 008 | 090401t1997 xxu||||| |||| 00| 0 eng d | ||
| 035 | _a(Sirsi) u77755 | ||
| 041 | _aeng | ||
| 245 | _aHousing is oldest in Europe | ||
| 260 | _c1997 | ||
| 350 | _a0 | ||
| 490 |
_aFinancial Times _v14 April 1997,8(1) |
||
| 490 |
_aGuardian _v14 April 1997,22(1) |
||
| 520 | _aThe number of old properties demolished in favour of new has drastically fallen over the past 25 years. The rate at which unfit homes are being replaced is too low. "The state of UK housing: a factfile on dwelling conditions" (Policy Press £15.95). | ||
| 650 | _aDEMOLITION | ||
| 650 | _aHOUSING CONDITIONS | ||
| 650 | _aHOUSING STOCK | ||
| 650 | _aSTATISTICS | ||
| 650 | _aUNFIT HOUSES | ||
| 690 | _aHOUSING-DEVELOPMENT | ||
| 942 | _n0 | ||
| 948 | _c16/04/1997 | ||
| 999 |
_c48875 _d48875 |
||